000 00481 a2200157 4500
005 20250603173512.0
020 _a0-393-97677-7
082 _aT E A LECT 330.024 MAN
100 _aMANSFIELD, E .
245 _aManagerial Economics : Theory, Applications, and Cases
250 _a5th Ed.
260 _aNew York,
_bw.w. Norton& Company,
_c2002.
300 _axxiii, 805p.: ill.; figure, picture, table,
_bindex,
_c24cm.
700 _aALLEN, W .B . {et all...}
942 _2ddc
_cBKS
999 _c3121
_d3121